000
00268nam a2200109Ia 4500
008
200302s9999 xx 000 0 und d
100
_a
Susan and Michael & Others
245
_a
Ornamental Ironwork
260
_b
David R. Godine Publisher
260
_c
1978
300
_a
202 P.,
999
_c
93
_d
93